MAASAI MARA UNIVERSITY

LIBRARY CATALOGUE

Contact Us: +254 020 2685356/7 or 0774 057787

Box: 861-20500, NAROK, KENYA

Email: info@mmarau.ac.ke

The empiricists/ (Record no. 25345)

MARC details
000 -LEADER
fixed length control field 01359nam a22003137a 4500
001 - CONTROL NUMBER
control field 2943568
003 - CONTROL NUMBER IDENTIFIER
control field OSt
005 - DATE AND TIME OF LATEST TRANSACTION
control field 20210309100409.0
008 - FIXED-LENGTH DATA ELEMENTS--GENERAL INFORMATION
fixed length control field 170320b xxu||||| |||| 00| 0 eng d
010 ## - LIBRARY OF CONGRESS CONTROL NUMBER
LC control number 90033387
020 ## - INTERNATIONAL STANDARD BOOK NUMBER
International Standard Book Number 0385096224
040 ## - CATALOGING SOURCE
Original cataloging agency MMU
Transcribing agency MMU
Modifying agency MMU
Language of cataloging eng
043 ## - GEOGRAPHIC AREA CODE
Geographic area code e-uk---
050 00 - LIBRARY OF CONGRESS CALL NUMBER
Classification number B816
Item number .E48 1990
082 00 - DEWEY DECIMAL CLASSIFICATION NUMBER
Classification number 146/.44/0941
Edition number 20
245 04 - TITLE STATEMENT
Title The empiricists/
260 ## - PUBLICATION, DISTRIBUTION, ETC. (IMPRINT)
Place of publication, distribution, etc. New York :
Name of publisher, distributor, etc. Anchor Books/Doubleday,
Date of publication, distribution, etc. [1990?]
300 ## - PHYSICAL DESCRIPTION
Extent 517 p. ;
Dimensions 21 cm.
500 ## - GENERAL NOTE
General note Originally published: New York : Anchor Books, 1974.
505 0# - FORMATTED CONTENTS NOTE
Formatted contents note An essay concerning human understanding / John Locke ; abridged by Richard Taylor -- A treatise concerning the principles of human knowledge ; Three dialogues between Hylas and Philonous, in opposition to sceptics and atheists / George Berkeley -- An enquiry concerning human understanding ; Dialogues concerning natural religion / David Hume.
650 #0 - SUBJECT ADDED ENTRY--TOPICAL TERM
Topical term or geographic name as entry element Empiricism
General subdivision History.
650 #0 - SUBJECT ADDED ENTRY--TOPICAL TERM
Topical term or geographic name as entry element Philosophy, British.
700 1# - ADDED ENTRY--PERSONAL NAME
Personal name Locke, John,
Dates associated with a name 1632-1704.
700 1# - ADDED ENTRY--PERSONAL NAME
Personal name Berkeley, George,
Dates associated with a name 1685-1753
700 1# - ADDED ENTRY--PERSONAL NAME
Personal name Hume, David,
Dates associated with a name 1711-1776.
856 42 - ELECTRONIC LOCATION AND ACCESS
Materials specified Publisher description
Uniform Resource Identifier <a href="http://www.loc.gov/catdir/description/random043/90033387.html">http://www.loc.gov/catdir/description/random043/90033387.html</a>
856 42 - ELECTRONIC LOCATION AND ACCESS
Materials specified Contributor biographical information
Uniform Resource Identifier <a href="https://www.loc.gov/catdir/enhancements/fy1622/90033387-b.html">https://www.loc.gov/catdir/enhancements/fy1622/90033387-b.html</a>
942 ## - ADDED ENTRY ELEMENTS (KOHA)
Source of classification or shelving scheme Library of Congress Classification
Koha item type L
Holdings
Withdrawn status Lost status Source of classification or shelving scheme Damaged status Not for loan Home library Current library Date acquired Source of acquisition Total Checkouts Full call number Barcode Date last seen Price effective from Koha item type
    Library of Congress Classification     Maasai Mara University Library -Main Campus Maasai Mara University Library -Main Campus 03/20/2017 Donation -T4C   B816 .E48 1990 17027474 03/20/2017 03/20/2017 L
© 2016 Maasai Mara University.